000 00819nam a2200229Ia 4500
005 20260430150739.0
008 008 250103s9999 xx 000 0 hin d
037 _aTheses
040 _aCRL
040 _bhin
040 _chin
041 _2hin
041 _ahin
084 _qCRL
100 _aरूहेला, रचना, ले.
_9865476
245 0 _aमुरादाबाद एवं बदायूॅं क्षेत्र के प्रमुख शास्त्रीय गायकों का योगदान
260 _c2022
300 _a253पृ0
700 _aदिल्ली विश्वविद्यालय. संगीत एवं ललित कला संकाय. संगीत विभाग
942 _cTH
999 _c1850576
_d1850576